000 00801nas a2200253 4500
001 BR9804340
003 BR-BrBNA
005 20231205101054.0
007 ta
008 230509b bl.|||p| |||| 00| 00por d
040 _aBR-BrBNA
_bpor
_cBiblioteca Nacional de Agricultura
041 _a(Pt)
072 _aM11
100 1 _aVasconcelos, J.A. de
100 1 _aOliveira, J.E.L.
245 1 _aEstudo comparativo sobre a pesca de lagostas com rede-de-espera e mergulho no Estado do Rio Grande do Norte
650 _aLagosta
650 _aRede de Espera
650 _aPesca
650 _aRio Grande do Norte
773 0 _tBoletim Tecnico-Cientifico do CEPENE (Brazil)
_xISSN 0104-6411
_g(1996), v. 4(1) p. 135-172
_wBR9804340
909 _a202311
_bLúcia
_c55
_dLúcia Elande
942 _2AGRIS
_n0
_cANA
999 _c159548
_d159548